书目信息 |
| 题名: |
电路分析实验教程
|
|
| 作者: | 程荣龙 主编 | |
| 分册: | ||
| 出版信息: | 大连 大连理工大学出版社 2021.06 |
|
| 页数: | 121页 | |
| 开本: | 26cm | |
| 丛书名: | 普通高等教育电气工程与自动化类课程规划教材 | |
| 单 册: | ||
| 中图分类: | TM133-33 | |
| 科图分类: | ||
| 主题词: | 电路分析--dian lu fen xi--实验--高等教育--教材 | |
| 电子资源: | ||
| ISBN: | 978-7-5685-3014-9 | |
| 000 | 01039nam 2200265 450 | |
| 001 | 29817 | |
| 005 | 20221116170254.31 | |
| 010 | @a978-7-5685-3014-9@dCNY29.80 | |
| 100 | @a20210914d2021 em y0chiy50 ea | |
| 101 | 0 | @achi |
| 102 | @aCN@b210000 | |
| 105 | @aa a 000yy | |
| 200 | 1 | @a电路分析实验教程@Adian lu fen xi shi yan jiao cheng@f主编程荣龙 |
| 205 | @a第2版 | |
| 210 | @a大连@c大连理工大学出版社@d2021.06 | |
| 215 | @a121页@c图@d26cm | |
| 225 | 2 | @a普通高等教育电气工程与自动化类课程规划教材@Apu tong gao deng jiao yu dian qi gong cheng yu zi dong hua lei ke cheng gui hua jiao cai@v11 |
| 320 | @a有书目 | |
| 330 | @a本教材主要内容涵盖电测量的基本知识、基本元器件测量方法, 直流电路、动态电路及稳态电路的测量等, 以及常用实验仪器设备简介等。 | |
| 410 | 0 | @12001 @a普通高等教育电气工程与自动化类课程规划教材@v11 |
| 606 | 0 | @a电路分析@Adian lu fen xi@x实验@x高等教育@j教材 |
| 690 | @aTM133-33@v5 | |
| 701 | 0 | @a程荣龙@Acheng rong long@4主编 |
| 801 | 0 | @aCN@c20220910 |
| 905 | @a河南城建学院图书馆@dTM133-33@eC760=2@f1 | |
| 电路分析实验教程/主编程荣龙.-第2版.-大连:大连理工大学出版社,2021.06 |
| 121页:图;26cm.-(普通高等教育电气工程与自动化类课程规划教材;11) |
| ISBN 978-7-5685-3014-9:CNY29.80 |
| 本教材主要内容涵盖电测量的基本知识、基本元器件测量方法, 直流电路、动态电路及稳态电路的测量等, 以及常用实验仪器设备简介等。 |
| ● |
| 相关链接 |
|
|
|
正题名:电路分析实验教程
索取号:TM133-33/C760=2
 
预约/预借
| 序号 | 登录号 | 条形码 | 馆藏地/架位号 | 状态 | 备注 |
| 1 | 1583852 | 215838529 | 自科库301/301自科库 9排1列2层/ [索取号:TM133-33/C760=2] | 在馆 |